| 000 | 00619cam a22002173a 4500 | ||
|---|---|---|---|
| 001 | 44949 | ||
| 003 | PGUSA | ||
| 005 | 20140828084027.0 | ||
| 008 | 140217s2014||||xxu|||||s|||||000 | eng d | ||
| 040 |
_aPGUSA _beng |
||
| 042 | _adc | ||
| 100 | 1 | _aHaldane, Elizabeth Sanderson | |
| 245 | 1 | 0 |
_aJames Frederick Ferrier _h[electronic resource] / _cElizabeth Sanderson Haldane |
| 260 |
_bProject Gutenberg, _c2014 |
||
| 506 | _aPublic domain in the USA. | ||
| 516 | _aElectronic text | ||
| 700 | 1 | _aBrown, Joseph | |
| 830 | 0 |
_aProject Gutenberg _v44949 |
|
| 856 | 4 | 0 | _uhttp://www.gutenberg.org/ebooks/44949 |
| 942 | _cEB | ||
| 999 |
_c274200 _d274200 |
||